Classical cryptography course Vol.2 / (Record no. 176187)

000 -LEADER
fixed length control field 00933 a2200205 4500
003 - CONTROL NUMBER IDENTIFIER
control field Nust
005 - DATE AND TIME OF LATEST TRANSACTION
control field 20230216113840.0
020 ## - INTERNATIONAL STANDARD BOOK NUMBER
International Standard Book Number 0894122649
040 ## - CATALOGING SOURCE
Transcribing agency Nust
082 ## - DEWEY DECIMAL CLASSIFICATION NUMBER
Classification number 005.82,NIC
100 ## - MAIN ENTRY--PERSONAL NAME
Personal name Nichols, Randall K.
9 (RLIN) 109134
245 ## - TITLE STATEMENT
Title Classical cryptography course Vol.2 /
Statement of responsibility, etc. Randall K. Nichols
250 ## - EDITION STATEMENT
Edition statement Vol-2
260 ## - PUBLICATION, DISTRIBUTION, ETC.
Place of publication, distribution, etc. USA
Name of publisher, distributor, etc. Aegean Park Press
Date of publication, distribution, etc. 1996
300 ## - PHYSICAL DESCRIPTION
Extent 449p
490 ## - SERIES STATEMENT
Volume/sequential designation 2
505 ## - FORMATTED CONTENTS NOTE
Formatted contents note Polyalphabtic Substitution Systems (Page-1), Polyalphabtic Substitution Systems (Page-35), Aperiodic Systems (Page-69), Introduction to Cryptarithms (Page-99), Statistical Attacks (Page-123), Transportation (Page-152), Headlines Puzzles, Playfair, Four Square, Fractionation and Delastelle Systems (Page-203), Introduction to Cryptarithms (Page-251), Passwords, Privacy, Data Protection (Page-268), Codes and Code Systems (Page-292), Cipher Machines (Page-321).
650 ## - SUBJECT ADDED ENTRY--TOPICAL TERM
Topical term or geographic name entry element Cryptography
942 ## - ADDED ENTRY ELEMENTS (KOHA)
Koha item type Book
Source of classification or shelving scheme
Holdings
Withdrawn status Lost status Source of classification or shelving scheme Damaged status Not for loan Permanent Location Current Location Shelving location Date acquired Full call number Barcode Date last seen Price effective from Koha item type Public note
          Military College of Signals (MCS) Military College of Signals (MCS) General Stacks 12/12/2016 005.82,NIC MCS22700 12/08/2016 12/12/2016 Book Almirah No.71, Shelf No.2
© 2023 Central Library, National University of Sciences and Technology. All Rights Reserved.